Excel pro Windows 95 kompletní kapesní průvodce

Salvato in:
Dettagli Bibliografici
Autore principale: Steiner, Josef
Altri autori: Valentin, Robert, Halodová, Radka
Natura: Libro
Lingua:ceco
Pubblicazione: Praha GRADA Publishing 1996
Tags: Aggiungi Tag
Nessun Tag, puoi essere il primo ad aggiungerne!!

MARC

LEADER 00000nam a2200000 4500
001 c110545
005 20221123122830.4
020 |a 80-7169-295-6 
041 0 |a cze 
044 |a CZ 
245 1 0 |a Excel pro Windows 95  |b kompletní kapesní průvodce  |c Josef Steiner, Robert Valentin ; [přeložila: Radka Halodová] 
264 1 |a Praha  |b GRADA Publishing  |c 1996 
300 |a 439 s. 
100 1 |a Steiner, Josef 
700 1 |a Valentin, Robert 
700 1 |a Halodová, Radka